| 000 | 00375nam a22001577a 4500 | ||
|---|---|---|---|
| 003 | OSt | ||
| 005 | 20240109144705.0 | ||
| 008 | 190828b xxu||||| |||| 00| 0 eng d | ||
| 020 | _a788290055 | ||
| 040 | _cIIMT UNIVERSITY | ||
| 100 | _aTIWARI UK | ||
| 245 | _aHOSPITAL AND CLINICAL PHARMACY | ||
| 260 |
_aGHAZIABAD _bPEE VEE _c01/02/2019 |
||
| 300 | _a105 | ||
| 942 |
_2ddc _c01 |
||
| 999 |
_c48638 _d48638 |
||